Can You Name Taylor Swift's 113 Most Streamed Songs On Spotify - Statistics

General Stats
  • This quiz has been taken 209 times
    20 since last reset
  • The average score is 83 of 113
Answer Stats
# Album Feature/Collab Streams Answer % Correct
15 Red (Taylor's Version) 1.06B All Too Well (10 Minute Version (Taylor's Version) (From The Vault)
100%
95 Red (Taylor's Version) 337M All Too Well (Taylor's Version)
100%
4 Midnights 1.88B Anti-Hero
100%
2 1989 2.16B Blank Space
100%
103 1989 (Taylor's Version) 319M Blank Space (Taylor's Version)
100%
1 Lover 3.02B Cruel Summer
100%
20 THE TORTURED POETS DEPARTMENT Post Malone 992M Fortnight
100%
5 Lover 1.82B Lover
100%
104 - Shawn Mendes 318M Lover (Remix)
100%
24 Lover Brendon Urie of Panic! At The Disco 944M ME!
100%
9 1989 1.47B Style
100%
86 1989 (Taylor's Version) 365M Style (Taylor's Version)
100%
8 folklore 1.55B august
94%
6 folklore 1.72B cardigan
94%
12 reputation 1.19B Delicate
94%
38 THE TORTURED POETS DEPARTMENT 701M I Can Do It With a Broken Heart
94%
19 Red 992M I Knew You Were Trouble.
94%
57 Red (Taylor's Version) 470M I Knew You Were Trouble (Taylor's Version)
94%
22 Midnights 947M Karma
94%
11 reputation 1.35B Look What You Made Me Do
94%
17 Fearless 1.02B Love Story
94%
16 Fearless (Taylor's Version) 1.04B Love Story (Taylor's Version)
94%
7 1989 1.69B Shake It Off
94%
33 Midnights 764M You're On Your Own, Kid
94%
71 folklore 427M betty
88%
10 reputation 1.44B Don't Blame Me
88%
21 folklore Bon Iver 952M exile
88%
74 Fearless (Taylor's Version) 416M Fearless (Taylor's Version)
88%
30 reputation 825M Getaway Car
88%
3 Fifty Shades Darker (Original Motion Picture Soundtrack) ZAYN 1.95B I Don't Wanna Live Forever
88%
27 reputation 927M ...Ready For It?
88%
82 Red (Taylor's Version) 379M Red (Taylor's Version)
88%
55 Midnights Lana Del Rey 493M Snow On The Beach
88%
69 Red 437M 22
81%
83 Red (Taylor's Version) 377M 22 (Taylor's Version)
81%
25 Speak Now 943M Enchanted
81%
65 Speak Now (Taylor's Version) 443M Enchanted (Taylor's Version)
81%
43 reputation Ed Sheeran, Future 583M End Game
81%
76 Lover 402M London Boy
81%
31 Midnights 793M Midnight Rain
81%
53 Lover 503M The Archer
81%
35 Red 750M We Are Never Ever Getting Back Together
81%
64 Red (Taylor's Version) 445M We Are Never Ever Getting Back Together (Taylor's Version)
81%
18 evermore 1.01B willow
81%
14 Lover 1.07B You Need To Calm Down
81%
41 1989 686M Bad Blood
75%
99 THE TORTURED POETS DEPARTMENT 331M But Daddy I Love Him
75%
34 evermore 760M champagne problems
75%
75 Lover 410M Cornelia Street
75%
61 THE TORTURED POETS DEPARTMENT 457M Down Bad
75%
46 folklore 552M illicit affairs
75%
40 folklore 695M the 1
75%
89 Midnights (3am Edition) 348M The Great War
75%
23 Lover 945M The Man
75%
13 1989 1.09B Wildest Dreams
75%
28 1989 (Taylor's Version) 925M Wildest Dreams (Taylor's Version)
75%
36 Fearless 748M You Belong With Me
75%
26 Fearless (Taylor's Version) 942M You Belong With Me (Taylor's Version)
75%
42 Midnights 663M Bejeweled
69%
44 Lover 583M Daylight
69%
68 reputation 437M Dress
69%
39 reputation 699M Gorgeous
69%
105 Speak Now (Taylor's Version) 318M I Can See You (Taylor's Version) (From The Vault)
69%
47 1989 (Taylor's Version) 541M Is It Over Now? (Taylor's Version) (From The Vault)
69%
29 Midnights 839M Lavender Haze
69%
49 folklore 522M mirrorball
69%
37 folklore 720M my tears ricochet
69%
100 evermore HAIM 327M no body, no crime
69%
73 Taylor Swift 424M Our Song
69%
90 1989 347M Out Of The Woods
69%
92 Midnights 343M Question...?
69%
67 evermore (deluxe version) 439M right where you left me - bonus track
69%
78 1989 (Taylor's Version) 396M "Slut!" (Taylor's Version) (From The Vault)
69%
58 Lover 468M Afterglow
63%
111 Red Ed Sheeran 297M Everything Has Changed
63%
96 reputation 336M King Of My Heart
63%
45 Midnights 556M Maroon
63%
72 Midnights 426M Mastermind
63%
79 1989 (Taylor's Version) 395M Now That We Don't Talk (Taylor's Version) (From The Vault)
63%
32 Lover 776M Paper Rings
63%
84 folklore 377M seven
63%
70 folklore 429M the last great american dynasty
63%
112 THE TORTURED POETS DEPARTMENT 293M The Smallest Man Who Ever Lived
63%
51 folklore 513M this is me trying
63%
77 evermore 399M tolerate it
63%
56 Midnights 484M Vigilante Shit
63%
81 THE TORTURED POETS DEPARTMENT 380M Who's Afraid of Little Old Me?
63%
98 Midnights (3am Edition) 335M Would've Could've Should've
63%
62 Speak Now 456M Back To December
56%
52 reputation 511M Call It What You Want
56%
107 reputation 311M Dancing With Our Hands Tied
56%
93 evermore 338M gold rush
56%
48 reputation 538M I Did Something Bad
56%
59 folklore 467M invisible string
56%
87 Midnights 354M Labyrinth
56%
54 Lover 500M Miss Americana & The Heartbreak Prince
56%
66 Fearless (Taylor's Version) 440M Mr. Perfectly Fine (Taylor's Version) (From The Vault)
56%
88 THE TORTURED POETS DEPARTMENT 350M My Boy Only Breaks His Favorite Toys
56%
108 THE TORTURED POETS DEPARTMENT: THE ANTHOLOGY 310M So High School
56%
85 THE TORTURED POETS DEPARTMENT 370M So Long, London
56%
97 Midnights (The Late Night Edition) 335M You're Losing Me (From The Vault)
56%
63 The More Lover Chapter 449M All Of The Girls You Loved Before
50%
91 Lover 345M Death By A Thousand Cuts
50%
110 Lover 306M False God
50%
80 Lover 387M I Forgot That You Existed
50%
101 Lover 326M I Think He Knows
50%
109 1989 (Deluxe) 309M New Romantics
50%
94 Midnights 338M Sweet Nothing
50%
50 Fearless (Taylor's Version) 522M The Way I Loved You (Taylor's Version)
50%
60 THE TORTURED POETS DEPARTMENT 464M Guilty as Sin?
44%
113 THE TORTURED POETS DEPARTMENT 292M The Tortured Poets Department
44%
102 1989 (Taylor's Version) 324M This Love (Taylor's Version)
44%
106 evermore 317M 'tis the damn season
44%
No matching quizzes found
Score Distribution
Percent of People with Each Score
Percentile by Number Answered
Your Score History
You have not taken this quiz since the last reset